Potreba legislatívnej úpravy spotrebných daní v nadväznosti na vstup Slovenskej republiky do Európskej únie

Bibliographic Details
Main Authors: Borodovčák, Michal, 1944- (Author), Zubaľová, Alena, 1959- (Author)
Format: Article
Language:Slovak
PhysicalDescription:Tab.
ISSN:0323-262X
Subjects:

MARC

LEADER 00000nab a2200000 a 4500
001 vtls000846536
003 SK-MaSNL
005 20260304105804.0
008 250429c2003 xo 0 slo
015 |a SNBRB2003/09-23258 
035 |a CLN000198191 
035 |a urn:nbn:sk:snk-ab2e2s 
035 |a (urnnbn)urn:nbn:sk:snk:ar-a028il 
035 |a (uuid)fd8ab10e-a3d0-4f53-b75a-e104c3e93be7 
040 |a SNKBUCL  |b slo  |c SNKBUCL  |e AACR2 
041 0 |a slo 
044 |a xo  |c SK 
080 |a 336.226.3:340.137(4:437.6)  |2 1997 
080 |a 340.137(4:437.6)  |2 1997 
080 |a 339.923(4:437.6)  |2 1997 
100 1 |a Borodovčák, Michal,  |d 1944-  |4 aut  |9 111782 
245 1 0 |a Potreba legislatívnej úpravy spotrebných daní v nadväznosti na vstup Slovenskej republiky do Európskej únie  |c Michal Borodovčák, Alena Zubaľová 
300 |b Tab. 
504 |a Res. angl. 
504 |a Bibliogr. odkazy 
610 7 |a Európska únia  |2 snkbucl  |9 29861 
650 0 7 |a spotrebné dane  |2 snkbucl  |9 2358 
655 7 |a články z novín a časopisov  |2 snkbucl  |9 267496 
700 1 |a Zubaľová, Alena,  |d 1959-  |4 aut  |9 111783 
773 0 |t Ekonomické rozhľady  |g Roč. 32 , č. 3 (2003), s. 379-388  |x 0323-262X 
850 |a Slovenská národná knižnica 
852 |a Slovenská národná knižnica 
954 |a odborná, vedecká literatúra pôvodná (slovenská)  |2 lita 
958 |a article27 
958 |a NB 
958 |a SK 
958 |a OND 
958 |a EUIPO 
992 |a RBX 
999 |c 2857113  |d 2859043